[Event "Xtracon Chess Open 2017"]
[Site "Helsingor DEN"]
[Date "2017.07.26"]
[Round "6.105"]
[White "Nielsen, Jorgen Lovgren"]
[Black "Stam, Bart"]
[Result "1/2-1/2"]
[WhiteElo "2063"]
[BlackElo "1854"]
[WhiteFideId "1403850"]
[BlackFideId "1006240"]
[EventDate "2017.07.22"]

1. e4 c5 2. Nf3 d6 3. d4 cxd4 4. Nxd4 Nf6 5. Nc3 a6 6. Be2 e5 7. Nb3 Be7 8. Be3
Be6 9. f4 exf4 10. Bxf4 Qb6 11. Qd4 Qxd4 12. Nxd4 Nc6 13. Nxe6 fxe6 14. Bc4 Nd4
15. O-O-O e5 16. Be3 Rc8 17. Bd3 Ng4 18. Bg1 Bg5+ 19. Kb1 Rf8 20. h3 Nf2 21.
Bxf2 Rxf2 22. Rdg1 1/2-1/2

[Event "Xtracon Chess Open 2017"]
[Site "Helsingor DEN"]
[Date "2017.07.26"]
[Round "6.106"]
[White "Kopperberg, Steen"]
[Black "Salerno, Christian"]
[Result "0-1"]
[WhiteElo "1864"]
[BlackElo "2056"]
[WhiteFideId "1433768"]
[BlackFideId "1310810"]
[EventDate "2017.07.22"]

1. d4 Nf6 2. Nf3 d5 3. Bf4 c5 4. c3 Qb6 5. Qb3 e6 6. e3 c4 7. Qc2 Bd6 8. Bxd6
Qxd6 9. Nbd2 Nc6 10. e4 Qe7 11. e5 Nd7 12. b3 cxb3 13. axb3 f6 14. Bb5 O-O 15.
O-O fxe5 16. Bxc6 bxc6 17. Nxe5 Nxe5 18. dxe5 c5 19. Ra5 Bb7 20. Rfa1 a6 21. Qd3
Rad8 22. Qg3 Rf5 23. R5a4 d4 24. h4 Rh5 25. cxd4 Rxd4 26. Rxd4 cxd4 27. Ra4 Qc5
28. Rc4 Qd5 29. Nf3 Rf5 30. Rxd4 Qxb3 31. Rd8+ Rf8 32. Rxf8+ Kxf8 33. Qf4+ Kg8
34. Ng5 Qd1+ 35. Kh2 Qd7 36. Qc4 Qd5 37. Qg4 Qxe5+ 38. f4 Qf5 39. Qe2 Qxf4+ 40.
g3 Qf5 41. Nxe6 Qf3 42. Qxf3 Bxf3 43. Nd4 Bg4 44. Nb3 Kf7 45. Kg2 Ke7 46. Kf2
Kd6 47. Ke3 Kd5 48. Kf4 Bd1 49. Na5 Kc5 50. Nb7+ Kb6 51. Nd6 a5 52. g4 h5 53. g5
g6 54. Ke4 a4 55. Kd4 Bb3 56. Kc3 Kc6 57. Nc8 Kd7 58. Nb6+ Kd6 59. Nc8+ Ke6 60.
Kb4 Bc2 61. Kc3 Be4 62. Nb6 Bc6 63. Nc4 Kf5 64. Kd4 Kf4 65. Kc5 Be4 66. Kd4 Bf5
67. Kc3 Be6 0-1

[Event "Xtracon Chess Open 2017"]
[Site "Helsingor DEN"]
[Date "2017.07.26"]
[Round "6.107"]
[White "Stokhaug, Jon Arne"]
[Black "Kocur, Johan"]
[Result "0-1"]
[WhiteElo "1847"]
[BlackElo "2055"]
[WhiteFideId "1506781"]
[BlackFideId "202614"]
[EventDate "2017.07.22"]

1. d4 Nf6 2. Nf3 e6 3. c4 b6 4. g3 Bb4+ 5. Bd2 a5 6. Bg2 Ba6 7. Qc2 Ra7 8. a3
Bxd2+ 9. Nbxd2 c6 10. O-O d5 11. Rfe1 Nbd7 12. Rac1 O-O 13. h3 Re8 14. Ne5 Nxe5
15. dxe5 Nd7 16. f4 Qe7 17. Kh2 Qc5 18. cxd5 cxd5 19. Qb3 Qf2 20. Qf3 Qxf3 21.
Nxf3 a4 22. Nd4 Nc5 23. Rc3 Bc4 24. e4 Rd7 25. exd5 exd5 26. Nf5 g6 27. Nh6+ Kg7
28. Ng4 b5 29. Nf6 Red8 30. Nxd7 Rxd7 31. Bf1 d4 32. Rcc1 d3 33. Rcd1 d2 34. Re2
Nb3 35. Rf2 Bxf1 36. Rfxf1 Rc7 37. Kg1 Rc2 38. Rb1 Rc1 39. Kf2 Rxb1 40. Rxb1 Nc1 0-1

[Event "Xtracon Chess Open 2017"]
[Site "Helsingor DEN"]
[Date "2017.07.26"]
[Round "6.108"]
[White "Pankaj, Sindhu"]
[Black "Pallesen, Jacob"]
[Result "0-1"]
[WhiteElo "1837"]
[BlackElo "2054"]
[WhiteFideId "46680357"]
[BlackFideId "1404881"]
[EventDate "2017.07.22"]

1. d4 Nf6 2. c4 e6 3. Nc3 Bb4 4. e3 O-O 5. Ne2 d5 6. a3 Be7 7. Ng3 Nbd7 8. Bd3
c6 9. O-O Re8 10. e4 dxe4 11. Ncxe4 Nxe4 12. Nxe4 e5 13. Be3 exd4 14. Bxd4 Nf6
15. Nxf6+ Bxf6 16. Bxf6 Qxf6 17. Qc2 g6 18. Rfe1 Rxe1+ 19. Rxe1 Be6 20. Be4 Rd8
21. g3 Qd4 22. Rc1 Bg4 23. c5 Bd1 24. Qc4 Qd2 25. Qc3 Qe2 26. Qe3 Qxe3 27. fxe3
Rd2 28. b4 Ba4 29. Rc3 Bb5 30. a4 Bxa4 31. Ra3 Bb5 32. Rxa7 Rb2 33. Rxb7 Rxb4
34. Bd3 Kf8 35. Kf2 Rb2+ 36. Ke1 Rb3 37. Bxb5 Rxb5 38. Rxb5 cxb5 39. Kd2 Ke7 40.
Kc3 Kd7 41. Kb4 Kc6 42. e4 f6 43. h3 h6 44. h4 h5 0-1

[Event "Xtracon Chess Open 2017"]
[Site "Helsingor DEN"]
[Date "2017.07.26"]
[Round "6.109"]
[White "Satre, Roger"]
[Black "Ingebretsen, Jens E"]
[Result "1/2-1/2"]
[WhiteElo "1832"]
[BlackElo "2053"]
[WhiteFideId "1510320"]
[BlackFideId "1522965"]
[EventDate "2017.07.22"]

1. d4 Nf6 2. Nf3 e6 3. c4 b6 4. a3 d5 5. Nc3 Be7 6. Bg5 O-O 7. e3 Ba6 8. b4 Bxc4
9. Bxc4 dxc4 10. Qe2 a5 11. b5 c5 12. Qxc4 cxd4 13. Nxd4 e5 14. Nf5 Nbd7 15.
Nxe7+ Qxe7 16. Nd5 Qe6 17. Nxf6+ gxf6 18. Qxe6 fxe6 19. Rd1 Nc5 20. Bh4 e4 21.
Rd6 Nd3+ 22. Ke2 Rab8 23. Rxe6 f5 24. f3 Rfe8 25. Rf6 Rec8 26. fxe4 fxe4 27.
Rhf1 Rc2+ 28. Kd1 Rbc8 29. Rf8+ Kg7 30. R1f7+ Kg6 31. Rxc8 Rxc8 32. Re7 Nb2+ 33.
Ke1 Nd3+ 34. Kd2 Nc5 35. g4 Rd8+ 36. Kc3 Rd3+ 37. Kc4 Rxa3 38. Rc7 Na4 39. Kd4
Rb3 40. Kxe4 Rb4+ 41. Kf3 h5 42. Rc6+ Kf7 43. Rf6+ Kg7 44. Rf4 hxg4+ 45. Kxg4
Nc5 46. Bf6+ Kg6 47. Bd8 Rxb5 48. Rf6+ Kg7 49. Rxb6 Rb4+ 50. Rxb4 axb4 51. Kf5
b3 52. Bf6+ Kf7 53. h4 Nd3 54. e4 Kg8 55. h5 Kh7 56. Bc3 b2 57. Bxb2 Nxb2 58. e5
Nc4 59. e6 Nd6+ 60. Kf6 Kh6 61. e7 Ne8+ 62. Kf7 Nc7 63. e8=Q Nxe8 64. Kxe8 1/2-1/2

[Event "Xtracon Chess Open 2017"]
[Site "Helsingor DEN"]
[Date "2017.07.26"]
[Round "6.110"]
[White "Schack, Asbjorn Hovgaard"]
[Black "Hansen, Ib Lynaes"]
[Result "1-0"]
[WhiteElo "2053"]
[BlackElo "1839"]
[WhiteFideId "1449575"]
[BlackFideId "1407511"]
[EventDate "2017.07.22"]

1. d4 Nf6 2. c4 g6 3. Nc3 d5 4. cxd5 Nxd5 5. e4 Nxc3 6. bxc3 Bg7 7. Qa4+ Bd7 8.
Qa3 O-O 9. Bc4 e6 10. Ne2 c6 11. O-O b5 12. Bd3 a5 13. Be3 Qc7 14. Qc1 Rd8 15.
Bh6 c5 16. Bxg7 Kxg7 17. f4 f5 18. g4 c4 19. Bc2 Rf8 20. Qe3 Nc6 21. gxf5 exf5
22. d5 Ne7 23. Qd4+ Kg8 24. d6 Qa7 25. dxe7 Rfe8 26. e5 1-0

[Event "Xtracon Chess Open 2017"]
[Site "Helsingor DEN"]
[Date "2017.07.26"]
[Round "6.111"]
[White "Calderon, Paul"]
[Black "Jepsen, Thomas Tange"]
[Result "0-1"]
[WhiteElo "1814"]
[BlackElo "2052"]
[WhiteFideId "2082160"]
[BlackFideId "1405357"]
[EventDate "2017.07.22"]

1. c4 c6 2. Nc3 d5 3. cxd5 cxd5 4. d4 Nf6 5. h3 Nc6 6. Nf3 Bf5 7. Bf4 e6 8. Nh4
Nh5 9. Nxf5 Nxf4 10. Ng3 Qb6 11. e3 Qxb2 12. Rc1 Bb4 13. Qd2 Qxd2+ 14. Kxd2 Ng6
15. Rb1 O-O 16. Bd3 Rfc8 17. Rb3 Nh4 18. Rhb1 Bxc3+ 19. Rxc3 Na5 20. Bf1 Rxc3
21. Kxc3 Rc8+ 22. Kd2 b6 23. Ne2 Nc4+ 24. Kd3 Nf5 25. Nc3 Nfd6 26. g4 g5 27. f3
Nxe3 0-1

[Event "Xtracon Chess Open 2017"]
[Site "Helsingor DEN"]
[Date "2017.07.26"]
[Round "6.112"]
[White "Naesborg, Jens-Ole"]
[Black "Saren, Bjorn"]
[Result "0-1"]
[WhiteElo "1808"]
[BlackElo "2051"]
[WhiteFideId "1443577"]
[BlackFideId "1712071"]
[EventDate "2017.07.22"]

1. e4 g6 2. d4 Bg7 3. Nf3 d6 4. Bc4 Nf6 5. Qe2 O-O 6. Bf4 c6 7. Nbd2 Nxe4 8.
Bxf7+ Rxf7 9. Qxe4 Bf5 10. Qe3 Nd7 11. Bg3 h6 12. c3 Nf6 13. Nh4 Qd7 14. O-O Nd5
15. Qe2 Bg4 16. Qd3 g5 17. Nhf3 Raf8 18. Rae1 Rf5 19. h3 Bh5 20. Nh2 Bg6 21. Qe2
R8f7 22. Qe6 Qxe6 23. Rxe6 R5f6 24. Rfe1 Bf5 25. R6e2 Kf8 26. Ne4 Re6 27. f3 Bg6
28. Ng4 Nf4 29. Re3 b6 30. Nef2 Rxe3 31. Rxe3 h5 32. Nh2 Nd5 33. Re4 h4 34. Bxh4
gxh4 35. Rxh4 Bf6 36. Rh6 Kg7 37. Nhg4 Bg5 38. Rxg6+ Kxg6 39. Nd3 Kf5 40. h4
Be3+ 41. Kf1 b5 42. Ke2 Bf4 43. g3 Bxg3 44. Nh6+ Kg6 45. Nxf7 Kxf7 46. Nc1 Bxh4
47. Nb3 Ke6 48. Kd3 Bg5 49. Ke4 Nf6+ 50. Kd3 Kd5 51. Na5 c5 52. dxc5 Kxc5 53. c4
bxc4+ 54. Nxc4 Bf4 55. Na3 d5 56. Nc2 Nd7 57. b4+ Kd6 58. Nd4 Ne5+ 59. Ke2 Nc6
60. Nc2 Be5 61. Kd3 Bf4 62. a4 Ne5+ 63. Ke2 Bc1 64. Nd4 Nc6 65. Nc2 Bb2 66. Kd3
Ne5+ 67. Ke2 Bc3 68. b5 d4 69. Kf2 d3 70. Ne3 Bd4 0-1

[Event "Xtracon Chess Open 2017"]
[Site "Helsingor DEN"]
[Date "2017.07.26"]
[Round "6.113"]
[White "Crevatin, Leo"]
[Black "Rasmussen, Morten1"]
[Result "1-0"]
[WhiteElo "2044"]
[BlackElo "1838"]
[WhiteFideId "1726307"]
[BlackFideId "1410865"]
[EventDate "2017.07.22"]

1. d4 f5 2. Bf4 Nf6 3. e3 g6 4. Nf3 Bg7 5. h3 d6 6. Bc4 e6 7. Nbd2 O-O 8. Qe2
Nc6 9. O-O-O Qe7 10. g4 Ne4 11. gxf5 Nxd2 12. Rxd2 Rxf5 13. Rg1 Bd7 14. c3 a6
15. Ng5 Na5 16. Bd3 Bb5 17. c4 Bxc4 18. Bxc4 Nxc4 19. Qxc4 b5 20. Qxe6+ Qxe6 21.
Nxe6 Bf8 22. Nxc7 1-0

[Event "Xtracon Chess Open 2017"]
[Site "Helsingor DEN"]
[Date "2017.07.26"]
[Round "6.114"]
[White "Sebastian, Andreas"]
[Black "Thaler, Toni"]
[Result "0-1"]
[WhiteElo "1800"]
[BlackElo "2041"]
[WhiteFideId "1529498"]
[BlackFideId "1303864"]
[EventDate "2017.07.22"]

1. c4 b6 2. e4 e6 3. Nc3 Bb7 4. Bd3 g6 5. Bc2 Bg7 6. d4 d6 7. Nge2 Nd7 8. O-O
Ne7 9. Bg5 f6 10. Be3 O-O 11. Qd2 e5 12. f4 a6 13. f5 Qe8 14. Nd5 Bxd5 15. exd5
a5 16. Rf3 g5 17. Raf1 h6 18. h4 g4 19. R3f2 Qh5 20. g3 Kh7 21. Be4 Rad8 22. Rb1
Qf7 23. Nc3 Rfe8 24. Nb5 Rc8 25. b4 axb4 26. Rxb4 h5 27. Ra4 exd4 28. Bxd4 Bh6
29. Qc2 Nc5 30. Bxc5 bxc5 31. Re2 Ng8 32. Ra7 Qd7 33. Qa4 Bf8 34. Qa6 Nh6 35.
Kf2 Nf7 36. Qc6 Re7 37. a4 Qd8 38. Bd3 Ne5 39. Rxe5 Rxe5 40. Nxc7 Re7 41. Ne6
Rxc6 42. Nxd8 Rb6 43. a5 Rb2+ 0-1

[Event "Xtracon Chess Open 2017"]
[Site "Helsingor DEN"]
[Date "2017.07.26"]
[Round "6.115"]
[White "Frederiksen Kristian, Pade"]
[Black "Christiansen, Arne"]
[Result "1/2-1/2"]
[WhiteElo "1783"]
[BlackElo "2040"]
[WhiteFideId "1435205"]
[BlackFideId "1402013"]
[EventDate "2017.07.22"]

1. d4 Nf6 2. c4 g6 3. Nc3 Bg7 4. e4 d6 5. Bd3 O-O 6. Nge2 Nc6 7. O-O e5 8. d5
Nd4 9. Nxd4 exd4 10. Nb5 Re8 11. Re1 Ng4 12. h3 a6 13. hxg4 axb5 14. g5 bxc4 15.
Bxc4 c5 16. a4 Bd7 17. Bd2 f6 18. gxf6 Bxf6 19. b4 b6 20. bxc5 bxc5 21. Qb3 Rf8
22. f4 Re8 23. a5 Rb8 1/2-1/2

[Event "Xtracon Chess Open 2017"]
[Site "Helsingor DEN"]
[Date "2017.07.26"]
[Round "6.116"]
[White "Karlsson, Ulf"]
[Black "Dishman, Matthew"]
[Result "1-0"]
[WhiteElo "2036"]
[BlackElo "1824"]
[WhiteFideId "1721674"]
[BlackFideId "438642"]
[EventDate "2017.07.22"]

1. Nf3 Nf6 2. g3 d5 3. Bg2 Bf5 4. d3 e6 5. O-O h6 6. c4 c6 7. Nc3 Bd6 8. Re1 Bg6
9. Be3 O-O 10. Qb3 Qc8 11. Rac1 Nbd7 12. cxd5 Nxd5 13. Nxd5 exd5 14. Nh4 Nf6 15.
Nxg6 fxg6 16. Bd4 Kh7 17. e4 dxe4 18. dxe4 Bc7 19. e5 Nh5 20. Be4 Bb6 21. Bxb6
axb6 22. a3 b5 23. Rcd1 Ra4 24. Rd6 Rxe4 25. Rxe4 Qf5 26. Qe3 Qf7 27. Red4 Qa2
28. Rd2 Qb1+ 29. Kg2 Qf5 30. R2d4 Re8 31. g4 Qxe5 32. Qxe5 Rxe5 33. gxh5 gxh5
34. Rd7 1-0

[Event "Xtracon Chess Open 2017"]
[Site "Helsingor DEN"]
[Date "2017.07.26"]
[Round "6.117"]
[White "Nordin, Eric"]
[Black "Grundekjon, Christian"]
[Result "0-1"]
[WhiteElo "1781"]
[BlackElo "2035"]
[WhiteFideId "1711822"]
[BlackFideId "1512625"]
[EventDate "2017.07.22"]

1. e4 c5 2. Nc3 Nc6 3. f4 g6 4. Nf3 Bg7 5. Bb5 Nd4 6. O-O Nxb5 7. Nxb5 d6 8. Qe1
Bd7 9. Nc3 b5 10. e5 dxe5 11. fxe5 Nh6 12. Ng5 O-O 13. d3 Ng4 14. Nce4 h6 15. h3
Nxe5 16. Qh4 f6 17. Nf3 Nxf3+ 18. Rxf3 g5 19. Qg3 f5 20. Nxg5 hxg5 21. Bxg5 Bc6
22. Rf4 Qe8 23. Re1 e5 24. Rh4 f4 25. Qg4 Qg6 26. Bh6 Rf6 27. Bxg7 Qxg7 28. Rxe5
Rg6 29. Rxc5 Qd4+ 0-1

[Event "Xtracon Chess Open 2017"]
[Site "Helsingor DEN"]
[Date "2017.07.26"]
[Round "6.118"]
[White "Ski, Jonathan K."]
[Black "Schrodt, Sebastian"]
[Result "1/2-1/2"]
[WhiteElo "1771"]
[BlackElo "2007"]
[WhiteFideId "1521667"]
[BlackFideId "24675563"]
[EventDate "2017.07.22"]

1. c4 Nf6 2. Nc3 c5 3. g3 g6 4. Bg2 Bg7 5. Nf3 O-O 6. O-O Nc6 7. d4 cxd4 8. Nxd4
d6 9. Nxc6 bxc6 10. Bxc6 Rb8 11. Bg2 Qa5 12. Qc2 Be6 13. Bd2 Qh5 14. b3 Rfc8 15.
Rac1 d5 16. cxd5 Nxd5 17. Qd3 Nxc3 18. Bxc3 Rxc3 19. Rxc3 Bxc3 20. Qxc3 Qxe2 21.
Qc7 Rc8 22. Qxa7 Rc2 23. Qxe7 Rxa2 24. Qd8+ Kg7 25. Qd4+ f6 26. Qe4 Qxe4 27.
Bxe4 f5 28. Bg2 Rb2 29. h4 Rxb3 30. Rc1 Kf6 31. Rc2 f4 32. gxf4 Rb4 33. Kh2 Rxf4
34. f3 Rxh4+ 35. Kg3 Ra4 36. Rc1 Kg5 37. Rc5+ Bf5 38. Bh3 Rf4 39. Bxf5 Rxf5 40.
Rc3 h5 41. Ra3 Rb5 42. Rc3 h4+ 43. Kh3 Kf4 44. Rc4+ Kxf3 45. Rc3+ Kf4 46. Rc4+
Kg5 47. Rg4+ Kf5 48. Rxh4 Rb1 49. Ra4 Rg1 50. Kh2 Rg4 51. Ra2 Kf4 52. Ra4+ Kg5
53. Ra5+ Kh4 54. Ra2 Rb4 55. Kg2 Kg4 56. Rc2 Kf4 57. Ra2 g5 58. Rc2 Rb3 59. Rc4+
Ke3 60. Rc2 Rd3 61. Kg3 Rd1 62. Rc3+ Ke2 63. Kg4 Rd5 64. Ra3 Rb5 65. Rc3 Re5 66.
Ra3 Re3 67. Rxe3+ Kxe3 68. Kxg5 1/2-1/2

[Event "Xtracon Chess Open 2017"]
[Site "Helsingor DEN"]
[Date "2017.07.26"]
[Round "6.119"]
[White "Magnusson, Magnus"]
[Black "Nielsen, Kai Gylling"]
[Result "1-0"]
[WhiteElo "2005"]
[BlackElo "1808"]
[WhiteFideId "2302128"]
[BlackFideId "1406400"]
[EventDate "2017.07.22"]

1. e4 e6 2. d4 d5 3. e5 c5 4. c3 Nc6 5. Nf3 cxd4 6. cxd4 Bb4+ 7. Nc3 Nge7 8. Bd2
a6 9. a3 Bxc3 10. Bxc3 b5 11. b4 Qc7 12. Rc1 Qb6 13. Qd3 O-O 14. Be2 Ng6 15. g3
Bd7 16. h4 f5 17. exf6 Rxf6 18. h5 Nf8 19. g4 Rc8 20. O-O Rf4 21. Ne5 Nxe5 22.
dxe5 Qd8 23. Qg3 Rf7 24. Bd4 Rxc1 25. Rxc1 h6 26. Bd3 a5 27. f4 axb4 28. axb4
Qa8 29. Ra1 Qd8 30. g5 Kh8 31. Kh2 Be8 32. gxh6 Rc7 33. Rg1 Qd7 34. f5 Qf7 35.
hxg7+ Qxg7 36. Qf4 Qh7 37. h6 Rf7 38. Qg5 Rc7 39. Qf6+ 1-0

[Event "Xtracon Chess Open 2017"]
[Site "Helsingor DEN"]
[Date "2017.07.26"]
[Round "6.120"]
[White "Hafstad, Leif"]
[Black "French, Max"]
[Result "1/2-1/2"]
[WhiteElo "1735"]
[BlackElo "2001"]
[WhiteFideId "438030"]
[BlackFideId "426652"]
[EventDate "2017.07.22"]

1. e4 c6 2. d4 d5 3. Nd2 dxe4 4. Nxe4 Bf5 5. Ng3 Bg6 6. N1e2 Nf6 7. Nf4 e6 8. h4
Be4 9. c3 h6 10. Bc4 Nbd7 11. Qe2 Bh7 12. Bxe6 fxe6 13. Nxe6 Qe7 14. Nc7+ Kf7
15. Nxa8 Qxe2+ 16. Nxe2 Bd6 17. O-O Rxa8 18. Bf4 Be7 19. g3 Nd5 20. Bd2 N7b6 21.
b3 Bf6 22. Rfe1 Re8 23. Rac1 g5 24. hxg5 hxg5 25. Kg2 Be4+ 26. f3 Bf5 27. Ng1
Rh8 28. g4 Be6 29. Nh3 Rg8 30. Nf2 Nd7 31. Ne4 Be7 32. Rh1 Nf4+ 33. Bxf4 gxf4
34. Rh7+ Rg7 35. Rch1 Nf8 36. Rxg7+ Kxg7 1/2-1/2

[Event "Xtracon Chess Open 2017"]
[Site "Helsingor DEN"]
[Date "2017.07.26"]
[Round "6.121"]
[White "Quinn, David"]
[Black "Schouten, Mathias Lind"]
[Result "0-1"]
[WhiteElo "2001"]
[BlackElo "1734"]
[WhiteFideId "2401452"]
[BlackFideId "1532790"]
[EventDate "2017.07.22"]

1. d4 Nf6 2. c4 c5 3. d5 b5 4. Nd2 bxc4 5. e4 Ba6 6. Bxc4 Bxc4 7. Nxc4 d6 8. Qc2
Nbd7 9. Nf3 Nb6 10. O-O g6 11. b3 Nxc4 12. bxc4 Bg7 13. Bb2 O-O 14. Rfe1 Nd7 15.
Bxg7 Kxg7 16. Qc3+ Kg8 17. h4 Qb6 18. Rab1 Qa6 19. h5 f6 20. Nd2 Rfb8 21. Rb3
Qxa2 22. Ra3 Qb2 23. Qd3 Kg7 24. Rea1 Ne5 25. R3a2 Qb4 26. Ra4 Qb2 27. R4a2 Qb4
28. Ra4 Qb2 29. g3 Qxd2 30. Qa3 Rb2 31. Rf1 Nd3 32. Rxa7 Rxa7 33. Qxa7 Kf7 34.
hxg6+ hxg6 35. Qa8 Qh6 36. Qc8 Qf8 37. Qe6+ Kg7 38. Qd7 Ne5 39. Qa7 Nxc4 40. Ra1
Qd8 41. Ra6 Rb6 0-1

[Event "Xtracon Chess Open 2017"]
[Site "Helsingor DEN"]
[Date "2017.07.26"]
[Round "6.122"]
[White "Sorensen, Viggo"]
[Black "Bremer, Erik"]
[Result "1-0"]
[WhiteElo "1680"]
[BlackElo "1488"]
[WhiteFideId "1437410"]
[BlackFideId "1411578"]
[EventDate "2017.07.22"]

1. e4 e6 2. d4 d5 3. Nc3 Nf6 4. e5 Nfd7 5. f4 c5 6. Nf3 Nc6 7. Be3 Be7 8. Bd3 c4
9. Be2 a6 10. O-O O-O 11. b3 b5 12. bxc4 bxc4 13. Rb1 Bb4 14. Bd2 a5 15. Qe1 Rb8
16. Qg3 Nb6 17. f5 exf5 18. Bh6 g6 19. Bxf8 Qxf8 20. Nd1 Be7 21. c3 Qh6 22. Kh1
f4 23. Qf2 Bf5 24. Rb5 a4 25. Ng1 g5 26. Qf3 Qg7 27. Nf2 f6 28. exf6 Bxf6 29.
Qh5 Bg6 30. Qg4 Qe7 31. Bf3 Bf7 32. Rfb1 Nd7 33. Rxb8+ Ncxb8 34. Qf5 Qe6 35.
Qxe6 Bxe6 36. Rb5 Nc6 37. Bxd5 Bxd5 38. Rxd5 Ndb8 39. Ne4 Kg7 40. Nxg5 Ne7 41.
Rb5 1-0

[Event "Xtracon Chess Open 2017"]
[Site "Helsingor DEN"]
[Date "2017.07.26"]
[Round "6.123"]
[White "Merkesvik, Amalie Isabel"]
[Black "Thybo, Thomas Sondergaard"]
[Result "0-1"]
[WhiteElo "1754"]
[BlackElo "1999"]
[WhiteFideId "1514369"]
[BlackFideId "1441299"]
[EventDate "2017.07.22"]

1. e4 c6 2. d4 d5 3. exd5 cxd5 4. Bd3 Nc6 5. c3 Qc7 6. Ne2 Bg4 7. f3 Bd7 8. Bf4
e5 9. dxe5 Nxe5 10. O-O Bd6 11. Kh1 Ne7 12. Bg3 O-O 13. Qc2 Nc4 14. Bxd6 Qxd6
15. Bxc4 dxc4 16. Nd4 Nd5 17. Qd2 a6 18. Na3 b5 19. Nac2 Nf4 20. Ne1 h5 21. Rd1
Qe5 22. Rf2 Rfe8 23. Kg1 Re7 24. Kf1 Rae8 25. Nec2 Nd3 26. f4 Qf6 27. Re2 Rxe2
28. Nxe2 Bg4 29. Ne3 Bxe2+ 30. Kxe2 Qxf4 31. Rf1 Qg4+ 32. Rf3 Qxg2+ 0-1

[Event "Xtracon Chess Open 2017"]
[Site "Helsingor DEN"]
[Date "2017.07.26"]
[Round "6.124"]
[White "Horslund, Mikael"]
[Black "Henningsen, Lasse"]
[Result "0-1"]
[WhiteElo "1726"]
[BlackElo "1988"]
[WhiteFideId "1421042"]
[BlackFideId "1425315"]
[EventDate "2017.07.22"]

1. c4 e6 2. g3 d5 3. Bg2 Nf6 4. Nf3 Nbd7 5. d4 c6 6. Nbd2 Bd6 7. O-O O-O 8. b3
e5 9. dxe5 Nxe5 10. Bb2 Qe7 11. Re1 Rd8 12. Qc2 g6 13. Rad1 Bf5 14. Qc1 Neg4 15.
Qa1 Ne4 16. Nxe4 dxe4 17. Nd4 e3 18. f3 Nf2 19. Nxf5 gxf5 20. Bh8 Qf8 21. Rc1 f4
22. g4 Be7 23. Be5 Qh6 24. Qb1 f6 25. Bc3 Qg6 26. Qxg6+ hxg6 27. h4 g5 28. hxg5
fxg5 29. c5 Rd5 30. b4 Kf7 31. Rc2 Rad8 32. Rec1 Bf6 33. Be1 Nd1 34. a4 Nb2 35.
Rb1 Rd1 36. Rcc1 Rxc1 37. Rxc1 Rd1 38. Rxd1 Nxd1 39. b5 Ke6 40. Bb4 Bc3 0-1

[Event "Xtracon Chess Open 2017"]
[Site "Helsingor DEN"]
[Date "2017.07.26"]
[Round "6.125"]
[White "Hakansson, Stefan"]
[Black "Svanholm, Borge Waaktaar"]
[Result "1-0"]
[WhiteElo "1976"]
[BlackElo "1761"]
[WhiteFideId "1708198"]
[BlackFideId "1504835"]
[EventDate "2017.07.22"]

1. d4 Nf6 2. Bg5 e6 3. e4 h6 4. Bxf6 Qxf6 5. Nc3 d6 6. Qd2 g6 7. f4 Bg7 8. Nf3
Bd7 9. O-O-O a6 10. e5 Qe7 11. h4 h5 12. Ne4 Bc6 13. Nfg5 Nd7 14. Bd3 Bxe4 15.
Bxe4 d5 16. Bd3 O-O-O 17. c4 dxc4 18. Bxc4 Nb6 19. Bb3 Kb8 20. Kb1 Rd7 21. Qf2
Nd5 22. Ne4 Rc8 23. Nc5 Rdd8 24. Rh3 Ka7 25. Bc4 Nb6 26. Be2 Nd7 27. Ne4 Nb6 28.
Rb3 Rd5 29. Bf3 Rb5 30. Rxb5 axb5 31. d5 exd5 32. Rxd5 c6 33. Rd3 Qc7 34. Nd6
Ra8 35. Qc5 Kb8 36. Ne8 Bf8 37. Qxf8 Ka7 38. Qa3+ Kb8 39. Qxa8+ 1-0

[Event "Xtracon Chess Open 2017"]
[Site "Helsingor DEN"]
[Date "2017.07.26"]
[Round "6.126"]
[White "Bernstein, Jonas August"]
[Black "Larsen, Ulrik"]
[Result "0-1"]
[WhiteElo "1665"]
[BlackElo "1971"]
[WhiteFideId "1532154"]
[BlackFideId "1441167"]
[EventDate "2017.07.22"]

1. d4 Nf6 2. c4 g6 3. Nc3 Bg7 4. e4 d6 5. Nf3 O-O 6. Be2 e5 7. O-O Nbd7 8. Be3
Re8 9. d5 Ng4 10. Bg5 f6 11. Bd2 a5 12. Qc1 f5 13. exf5 gxf5 14. Ng5 Nc5 15.
Bxg4 fxg4 16. Qc2 e4 17. f3 gxf3 18. gxf3 h6 19. Ngxe4 Bh3 20. Rfe1 Qh4 21. Nxc5
Bd4+ 22. Kh1 Bg2+ 23. Kxg2 Qf2+ 24. Kh3 Qxf3+ 25. Kh4 Bf2# 0-1

[Event "Xtracon Chess Open 2017"]
[Site "Helsingor DEN"]
[Date "2017.07.26"]
[Round "6.127"]
[White "Vestergaard, Jorn"]
[Black "Greeuw, Sietske"]
[Result "0-1"]
[WhiteElo "1661"]
[BlackElo "1964"]
[WhiteFideId "1419480"]
[BlackFideId "1020285"]
[EventDate "2017.07.22"]

1. d4 d5 2. Bg5 f6 3. Bh4 Nh6 4. e3 Nf5 5. Nf3 c6 6. c4 Be6 7. b3 Nd7 8. Bd3
Nxh4 9. Nxh4 Bf7 10. Nc3 e5 11. Be2 Bb4 12. Rc1 O-O 13. O-O dxc4 14. Bxc4 Bxc4
15. bxc4 f5 16. g3 g5 17. Ng2 Qf6 18. d5 e4 19. dxc6 Ne5 20. h4 Nf3+ 21. Kh1
Bxc3 22. cxb7 Rab8 23. Qb3 Be5 24. c5+ Kh8 25. c6 Rf7 26. Rfd1 gxh4 27. Nxh4 Rc7
28. Qb5 Nxh4 29. Rd7 Nf3 30. Rcd1 Rxc6 31. Qd5 Qh6+ 32. Kg2 Qh2+ 33. Kf1 Qg1+
34. Ke2 Rc2+ 0-1

[Event "Xtracon Chess Open 2017"]
[Site "Helsingor DEN"]
[Date "2017.07.26"]
[Round "6.128"]
[White "Shehzad, Alisha"]
[Black "Justinussen, Sigurd B."]
[Result "1/2-1/2"]
[WhiteElo "1573"]
[BlackElo "1963"]
[WhiteFideId "1521926"]
[BlackFideId "7200773"]
[EventDate "2017.07.22"]

1. e4 c5 2. Nc3 Nc6 3. Bb5 a6 4. Bxc6 bxc6 5. f4 d5 6. d3 g6 7. h3 Bg7 8. Nf3 e6
9. O-O Ne7 10. a3 O-O 11. Rb1 Rb8 12. Bd2 Qc7 13. Qc1 Bd7 14. Ne2 c4 15. Bc3 f6
16. e5 cxd3 17. cxd3 c5 18. exf6 Bxf6 19. Bxf6 Rxf6 20. Ne5 Bb5 21. Nc3 Nf5 22.
a4 Be8 23. b3 Nd4 24. Qd1 Qa5 25. Ne2 Nf5 26. Qe1 Qb6 27. Kh2 Ne3 28. Rf3 d4 29.
Ng3 Bc6 30. Nxc6 Qxc6 31. Ne4 Rf5 32. Qc1 Qc7 33. g3 h5 34. h4 e5 35. Qxc5 Qxc5
36. Nxc5 exf4 37. Ne4 fxg3+ 38. Kxg3 Rxf3+ 39. Kxf3 Rf8+ 40. Kg3 Nf5+ 41. Kh3
Ne7 42. Kg3 Nd5 43. Rc1 Rb8 44. Nd2 Nc3 45. Re1 Kf7 46. Re5 Rb6 47. Rc5 Re6 48.
Nc4 Ne2+ 49. Kf3 Kf6 50. Rd5 Nc1 51. Rxd4 Nxb3 52. Rd6 Nc5 53. Rxe6+ Kxe6 54.
Nb2 Kd5 55. Kf4 Ne6+ 56. Ke3 g5 57. hxg5 Nxg5 58. Kf4 Ne6+ 59. Kf5 Ng7+ 60. Kg6
h4 61. Kxg7 Kd4 62. Nd1 Kxd3 63. Nf2+ Ke2 64. Nh3 Kd3 65. Kf6 Kc4 66. Kg5 Kb4
67. Kxh4 Kxa4 68. Nf4 Kb3 69. Nd3 a5 70. Kg4 Kc3 71. Nc5 Kc4 72. Na4 Kb4 73. Nb6
Kb5 74. Nd5 Kc5 75. Nc3 Kb4 76. Nd5+ Kb5 77. Nc3+ Kc4 78. Na4 Kb4 79. Nb6 a4 80.
Nxa4 Kxa4 1/2-1/2